wwe streaks - Statistics

General Stats
  • This quiz has been taken 431 times
  • The average score is 2 of 6
Answer Stats
Hint Answer % Correct
Easy to start. 22-1 at wrestlemania. undertaker
99%
Whith razor ramons help, this incredible winning streak was not killed, but crippled. Who did this streak belong to? goldberg
45%
In extreme rules this superstar was defeated by bray wyatt in a steel cage match making him 5-1. john cena
43%
Was awarded a win after losing, so is 1-0 at wm. michael cole
25%
Hint: they are from nxt. They had a 17-0 winning streak until "whasup" R-truth. Who did this streak belong to? bo dallas
18%
I hope I gave you enough time. Now for the final question. Who has turned up every year, won and is 31-0 at wrestlemania? howard finkel
7%
No matching quizzes found
Score Distribution
Percent of People with Each Score
Percentile by Number Answered
Your Score History
You have not taken this quiz